Leyendo la vida nasa = (Registro nro. 11883)
[ vista simple ]
| 000 -CABECERA | |
|---|---|
| Longitud fija campo de control | 01144nam a2200289 a 4500 |
| 003 - • IDENTIFICADOR DELl NÚMERO DE CONTROL | |
| Identificador del número de control | CO-ViMGA |
| 005 - • FECHA Y HORA DE LA ÚLTIMA TRANSACCIÓN | |
| Fecha y hora de la última transacción | 20230915233606.0 |
| 008 - • CÓDIGOS DE INFORMACIÓN DE LONGITUD FIJA | |
| Códigos de información de longitud fija | 150302s2014 ck a gr 00010 spa d |
| 020 ## - • NÚMERO INTERNACIONAL NORMALIZADO PARA LIBROS | |
| Número Internacional Normalizado para Libros (ISBN) | 9789587850152 |
| 040 ## - FUENTE DE LA CATALOGACIÓN | |
| Centro catalogador de origen | CO-ViMGA |
| Lengua de catalogación | spa |
| Centro transcriptor | CO-ViMGA |
| 082 04 - • NÚMERO DE LA CLASIFICACIÓN DECIMAL DEWEY | |
| Número de clasificación (R) | 980.0049861 |
| Número del ítem | N17 |
| Número de edición | 21 |
| 245 00 - • TITULO PROPIAMENTE DICHO | |
| Título | Leyendo la vida nasa = |
| Resto del título | Nasa u'junxin thegnxi / |
| Mención de responsabilidad, etc. | docentes de la comunidad Nasa; fotografias Jorge Panchoaga |
| 300 ## - • DESCRIPCIÓN FÍSICA | |
| Extensión | 45 páginas : |
| Otras características físicas | ilustraciones ; color |
| 490 1# - • MENCIÓN DE SERIE | |
| Mención de serie | Leer es mi cuento. Plan Nacional de Lectura y Escritura |
| -- | Rio de letras |
| 490 1# - • MENCIÓN DE SERIE | |
| Mención de serie | Serie Río de letras. Territorios narrados ; |
| 500 ## - • NOTA GENERAL | |
| Nota general | Incluye glosario. |
| 500 ## - • NOTA GENERAL | |
| Nota general | Proyecto educativo comunitario Zona Norte del Cauca. |
| 500 ## - • NOTA GENERAL | |
| Nota general | Texto bilingue nasa - español |
| 650 14 - • PUNTO DE ACCESO ADICIONAL DE MATERIA - TÉRMINO DE MATERIA | |
| Término de materia o nombre geográfico como elemento inicial | Indigenas de Colombia |
| Subdivisión de forma | Vida social y costumbres |
| 650 14 - • PUNTO DE ACCESO ADICIONAL DE MATERIA - TÉRMINO DE MATERIA | |
| Término de materia o nombre geográfico como elemento inicial | Paeces |
| Subdivisión de materia general | Agricultura. |
| 650 14 - • PUNTO DE ACCESO ADICIONAL DE MATERIA - TÉRMINO DE MATERIA | |
| Término de materia o nombre geográfico como elemento inicial | Paeces |
| Subdivisión de materia general | Aspectos familiares. |
| 650 14 - • PUNTO DE ACCESO ADICIONAL DE MATERIA - TÉRMINO DE MATERIA | |
| Término de materia o nombre geográfico como elemento inicial | Paeces |
| Subdivisión de materia general | Ritos y ceremonias. |
| 650 14 - • PUNTO DE ACCESO ADICIONAL DE MATERIA - TÉRMINO DE MATERIA | |
| Término de materia o nombre geográfico como elemento inicial | Paeces |
| Subdivisión de materia general | Vida social y costumbres. |
| 942 ## - ENTRADA DE ELEMENTOS AGREGADOS (KOHA) | |
| Fuente de clasificaión o esquema | Dewey Decimal Classification |
| Koha [por defecto] tipo de item | LIbro |
| Perdido | Fuente de clasificación o esquema | Estado Físico | No para préstamo | Forma de adquisición | Localización permanente | Localización actual | Fecha adquisición | Préstamos totales | Signatura completa | Código de barras | Fecha última consulta | Número de copia | Fecha del precio de reemplazo | Tipo de item de Koha | Localización en estanterías |
|---|---|---|---|---|---|---|---|---|---|---|---|---|---|---|---|
| Dewey Decimal Classification | Colección General | Biblioteca Pública Dorado | Biblioteca Pública Dorado | 02/23/2024 | 980.0049861 N17 | DOR002879 | 02/23/2024 | Ej.1 | 02/23/2024 | LIbro | General | ||||
| Dewey Decimal Classification | Colección General | Biblioteca Pública Dorado | Biblioteca Pública Dorado | 02/23/2024 | 980.0049861 N17 | DOR02371 | 02/23/2024 | Ej.1 | 02/23/2024 | LIbro | General | ||||
| Dewey Decimal Classification | Colección General | Biblioteca Pública Dorado | Biblioteca Pública Dorado | 02/23/2024 | 980.0049861 N17 | DOR02276 | 02/23/2024 | Ej.1 | 02/23/2024 | LIbro | General | ||||
| Dewey Decimal Classification | Sala General | Biblioteca Comunitaria - Villavicencio | Biblioteca Comunitaria - Villavicencio | 05/30/2019 | 980.0049861 N17 | 32855 | 05/30/2019 | Ej. 2 | 05/30/2019 | LIbro | |||||
| Dewey Decimal Classification | Sala General Segundo Piso | Biblioteca Pública Germán Arciniegas - Villavicencio | Biblioteca Pública Germán Arciniegas - Villavicencio | 05/30/2019 | 980.0049861 N17 | 32854 | 09/29/2022 | Ej. 1 | 05/30/2019 | LIbro | |||||
| Dewey Decimal Classification | Colección General | Biblioteca Pública Guamal | Biblioteca Pública Guamal | 05/24/2024 | 980.0049861 N17 | GUA003880 | 05/24/2024 | Ej.1 | 05/24/2024 | LIbro | General | ||||
| Dewey Decimal Classification | Sala General | Biblioteca Pública Mapiripan | Biblioteca Pública Mapiripan | 01/16/2024 | 980.0049861 N17 | MAP00002062 | 01/16/2024 | Ej.1 | 01/16/2024 | LIbro | Literatura | ||||
| Dewey Decimal Classification | Colección General | Biblioteca Pública Uribe - Reinerio Arenas | Biblioteca Pública Uribe - Reinerio Arenas | 09/25/2024 | 980.0049861 N17 | URI01353 | 09/25/2024 | Ej.1 | 09/25/2024 | LIbro | General |